=LDR 00000nam 2200000 4500 =001 INLIS000000001052363 =005 20240827094608 =035 ##$$a 0010-0824000181 =007 ta =008 240827################b##########1###### =020 ##$$a 978-89-6509-695-5 =082 ##$$a 028.55 =084 ##$$a 028.55 YEJ k =100 #$$a Yejin Choi =245 1#$$a Kongkong, apakah kamu ingin berteman? /$c Yejin Choi =260 ##$$a Tongkeun World :$b Gyeonggi-do =300 ##$$a 31 hlm : $b ilus ; $c 22,3 x 26,3 cm =650 #4$$a Bacaan Kanak-kanak =990 ##$$a 17541754